Регионална библиотека "Любен Каравелов" - Русе

Арии из французских комических опер XVIII века (Запис номер 350777)

MARC детайли
000 -Лидер
Контролно поле с фиксирана дължина 02330ncm a2200361 a 4500
003 - Код на организацията, давaща контролен номер
Контролно поле BLK
005 - Дата и час на последна редакция
Контролно поле 20240808111853.0
008 - Елементи от данни с фиксирана дължина
fixed length control field 200330b bu ||||| |||| 00| 0 bu d
040 ## - Източник на каталожния запис
Идентификатор на билиотеката - собственик на записа BLK
041 ## - Код за език
Код за езика на текст/звукозапис или на отделно заглавие Руски
Код за езика КДБФ Руски
080 ## - УДК
Текстов определител УДК Камерна вок. муз. Песни, балади, арии, романси
УДК код - определител по УДК 784.3
УДК - код + определител 784.3
080 ## - УДК
Текстов определител УДК Сопран
УДК код - определител по УДК 78.087.612.1
УДК - код + определител 78.087.612.1
139 ## - Редно поле
Редна дума Арии из французских комических опер XVIII века
Авторски знак Ари - А 84
245 ## - Сведения за заглавието
Заглавие Арии из французских комических опер XVIII века
Подзаглавни данни Для сопрано в сопровождении фортепиано : Тетр. 1-
Том Тетр. 2.
257 ## - Страна на издаване
Страна на създаване/издаване СССР
260 ## - Област на издателските данни
Място на издаване, разпространение и проч. Москва
Година на издаване 1966-
9 (RLIN) 209430
Име на издателя, разпространителя и проч. Музика
300 ## - Физическа характеристика
Размери/Мащаб 29 см
380 ## - Жанр
Жанр Изкуство
505 ## - Форматирана забележка
Заглавие Съдържа: Ариетта Агаты из оперы `Друг дома` ; Ария Изабеллы из оперы `Говорящая картина` ; Ария Коломбины из оперы `Говорящая картина` ; Ариетта Люсетты из оперы `Сильван` / Андре Гретри. Ариетта Жаннеты из оперы `Кузнец` (`Где любовь цветет...`) ; Ариетта Жаннетты из оперы `Кузнец` (`Все погибло, что любила...`) ; Песня Тюслин из лирической комедии `Колдун` ; Ариетта госпожи Арган из оперы `Солдар-чародей` ; Ариетта Фаншетты из оперы `Садовник и его господин` ; Ария Джульетты из оперы `Санчо Панса` / Франсуа-Андре Филидор
650 #0 - Допълнително описание по предмет – тема
9 (RLIN) 256945
Основно описание – тема или топоним Композитори, френски
650 #7 - Допълнително описание по предмет – тема
9 (RLIN) 165041
Основно описание – тема или топоним Опери
650 #7 - Допълнително описание по предмет – тема
Основно описание – тема или топоним Арии - за сопран
Източник на редна или ключова дума
9 (RLIN) 147355
653 #7 - Ключова дума – ненормативна
9 (RLIN) 199582
Ключова дума френски композитори
653 #7 - Ключова дума – ненормативна
9 (RLIN) 188916
Ключова дума комични опери
653 #7 - Ключова дума – ненормативна
9 (RLIN) 181252
Ключова дума арии
700 ## - Други автори (авторска отговорност)
9 (RLIN) 1412
Лично име Апродов, С.
Автороска отговорност (Описва отношението между автора и произведението) состав.
700 ## - Други автори (авторска отговорност)
9 (RLIN) 966
Лично име Гинсбэрг, С.
Автороска отговорност (Описва отношението между автора и произведението) прев.
852 ## - Местоположение
Форматна сигнатура Цб М ІІ 4279
Фондова буква Отдел Изкуство - подръчен фонд
999 ## - СИСТЕМНИ КОНТРОЛНИ НОМЕРА
Koha biblionumber 350777
Koha biblioitemnumber 350777
942 ## - АРТИКУЛИ
Вид на библиотечния материал Нотни издания
Скрит в OPAC Не
Периодичен библиозапис Да
944 ## - СЪЗДАВАНЕ И РЕДАКЦИЯ на ЗАПИСА
Създаване/Редакция Създаване
Дата на регистрацията/редакция 2020-04-02
Служител, извършил регистрацията/редакцията 30560
Статус, дата на статуса Геновева Генчева
999 ## - СИСТЕМНИ КОНТРОЛНИ НОМЕРА
Koha biblioitemnumber 350777
999 ## - СИСТЕМНИ КОНТРОЛНИ НОМЕРА
Koha biblioitemnumber 350777
Наличности
Код за отписване Код за изгубен артикул Източник на класификационната схема Код за повреда Коз за рестрикции Код за отдаване Артикулен № Име на библиотеката - собственик Име на библиотеката, в която се намира в момента Статус (Текущо местоположение) Дата на вписване в системата Местоположение - отдел Цена в лева Инвентарен номер Систематично азбучна сигнатура Баркод Цена в евро Служебен тип на артикула
  Не е изгубен Universal Decimal Classification Не е повреден без рестрикции заемане за дома 757975 Регионална библиотека "Любен Каравелов" Русе Регионална библиотека "Любен Каравелов" Русе Отдел Изкуство - подръчен фонд 2020-04-02 Отдел Изкуство - подръчен фонд 0.47 6411/67 784/А 84 900000002680 0.24 Нотни издания
  Не е изгубен Universal Decimal Classification Не е повреден само за читалня ползва се в читалня 777717 Регионална библиотека "Любен Каравелов" Русе Регионална библиотека "Любен Каравелов" Русе Хранилище 2020-06-21 Хранилище 0.47 6410/67 Цб М II 4279 900000018404 0.24 Нотни издания
Vip Innovations Ltd, Rousse, Bulgaria 2025